000 00621nam a2200217Ia 4500
001 46491
008 140429s9999 xx 000 0 und d
020 _a
040 _cPK-LaUMT
082 _aRHC 891.4395
_bGHA-
100 _aAliSardar Jaferi
245 _aGhalibiyaat par teen yaadgaar taqrirain (Urdu)
_cAliSardar Jaferi<>Kali Das Gapta Raza<>Khaliq Anjam<>Sanjay Godbole
260 _aPona,India:
_bAsbaq Publications,
_c2003
300 _a76 p.
546 _aUR
650 _aPakistani literature-Urdu
700 _aKali Das Gapta Raza
700 _aKhaliq Anjam
700 _aSanjay Godbole
942 _cBK
999 _c44444
_d44444